Statistics for Languages Containing a Country

Click here to take the quiz!

General Stats

  • This quiz has been taken 48 times
    (45 since last reset)
  • The average score is 14 of 26

Answer Stats

Language% Correct
Japanese
85%
Vietnamese
82%
Russian
79%
Croatian
72%
Indonesian
72%
Serbian
72%
Estonian
69%
Latvian
69%
Lithuanian
69%
Romanian
69%
Bulgarian
64%
Albanian
62%
Belarusian
59%
Armenian
56%
Macedonian
56%
Georgian
54%
Azerbaijani
51%
Icelandic
49%
Mongolian
49%
Nepali
44%
Fijian
33%
Samoan
33%
Tongan
31%
Luxembourgish
26%
Kinyarwanda
18%
Kiribati
13%

Score Distribution

Percentile by Number Answered

Percent of People with Each Score

Your Score History

You have not taken this quiz since the last reset